|
|
|
|
| LEADER |
00000nab a2200000 a 4500 |
| 001 |
vtls010610439 |
| 003 |
SK-MaSNL |
| 005 |
20260304031320.0 |
| 008 |
140718 2014 xo m p 000 0 cze |
| 015 |
|
|
|a SNBRB2014/07
|2 lmaosk
|
| 040 |
|
|
|a LMAOSK
|b slo
|c LMAOSK
|e AACR2
|
| 041 |
|
|
|a cze
|
| 044 |
|
|
|a xo
|c SK
|
| 080 |
|
|
|a 623.7
|2 2001
|
| 080 |
|
|
|a 623.746.3/.4
|2 2001
|
| 080 |
|
|
|a (046)
|2 2001
|
| 080 |
|
|
|a 623.419
|2 2001
|
| 100 |
1 |
|
|a Smíšek, Martin
|4 aut
|9 447990
|
| 245 |
1 |
0 |
|a IRIS-T
|c Martin Smíšek
|
| 300 |
|
|
|b Fotogr., tab.
|
| 650 |
0 |
7 |
|a IRIS-T (riadené strely)
|2 LMAOSK
|9 1310870
|
| 650 |
0 |
7 |
|a vojenské letectvo
|2 SNKPH
|9 69447
|
| 650 |
0 |
7 |
|a bojové lietadlá
|2 SNKPH
|9 87843
|
| 650 |
0 |
7 |
|a riadené strely
|2 SNKPH
|9 50991
|
| 650 |
0 |
7 |
|a protilietadlové riadené strely
|2 LMAOSK
|9 1083984
|
| 655 |
|
7 |
|a články
|2 SNKPH
|9 70601
|
| 773 |
0 |
|
|t ATM
|g Roč. 46, č. 7 (2014), s. 44-48
|x 1802-4823
|
| 852 |
|
|
|a LMAOSK
|b KIS3GCP
|
| 958 |
|
|
|a NB
|
| 999 |
|
|
|c 2637564
|d 2639494
|